نظريات الأعلام / (رقم التسجيلة. 122455)

تفاصيل مارك
000 -LEADER
fixed length control field 00568nam a22001817a 4500
005 - DATE AND TIME OF LATEST TRANSACTION
control field 20251108174944.0
008 - FIXED-LENGTH DATA ELEMENTS--GENERAL INFORMATION
fixed length control field 250721s2010 xx 000 0 ara d
082 14 - DEWEY DECIMAL CLASSIFICATION NUMBER
Classification number 302.2/مشا
100 1# - MAIN ENTRY--PERSONAL NAME
Personal name المشاقبة، بسام عبد الرحمن
Relator term مؤلف
245 10 - TITLE STATEMENT
Title نظريات الأعلام /
264 1# - PRODUCTION, PUBLICATION, DISTRIBUTION, MANUFACTURE, AND COPYRIGHT NOTICE
Place of production, publication, distribution, manufacture عمان :
Name of producer, publisher, distributor, manufacturer دار أسامة للنشر واللتوزيع،
Date of production, publication, distribution, manufacture, or copyright notice 2010.
300 ## - PHYSICAL DESCRIPTION
Extent 240ص
650 17 - SUBJECT ADDED ENTRY--TOPICAL TERM
Topical term or geographic name as entry element الاتصال الجماهيري
650 17 - SUBJECT ADDED ENTRY--TOPICAL TERM
Topical term or geographic name as entry element مهارات الاتصال
650 17 - SUBJECT ADDED ENTRY--TOPICAL TERM
Topical term or geographic name as entry element الإعلام
942 ## - ADDED ENTRY ELEMENTS (KOHA)
Source of classification or shelving scheme Dewey Decimal Classification
Koha item type كتب
المقتنيات
حالة السحب حالة الفقدان مصدر التصنيف حالة التلف غير قابل للإعارة المكتبة الرئيسية المكتبة الحالية موقع الرف تاريخ التزويد الرقم المتسلسل Total Checkouts رقم الإستدعاء الباركود تاريخ آخر ظهور تاريخ الفاتورة نوع المادة (كوها)
    Dewey Decimal Classification     المكتبة المركزية المكتبة المركزية الإعارة 28/07/2025 1421354   302.2/مشا PLD00173978 28/07/2025 28/07/2025 كتب
    Dewey Decimal Classification     المكتبة المركزية المكتبة المركزية مقتنيات قسم التزويد 28/07/2025 1739803   302.2/مشا   28/07/2025 28/07/2025 كتب
    Dewey Decimal Classification     مكتبة أبو علندا العامة مكتبة أبو علندا العامة الإعارة 27/12/2010 1421356   302.2/مشا PLD00175075 28/07/2025 27/12/2010 كتب
    Dewey Decimal Classification     مكتبة أم قصير والمقابلين العامة مكتبة أم قصير والمقابلين العامة الإعارة 27/12/2010 1421362   302.2/مشا PLD00175082 28/07/2025 27/12/2010 كتب
    Dewey Decimal Classification     مكتبة الأميرة ايمان العامة مكتبة الأميرة ايمان العامة الإعارة 27/12/2010 1421363   302.2/مشا PLD00175083 28/07/2025 27/12/2010 كتب
    Dewey Decimal Classification     مكتبة الاميرة بديعة مكتبة الاميرة بديعة الإعارة 27/12/2010 1421364   302.2/مشا PLD00175084 28/07/2025 27/12/2010 كتب
    Dewey Decimal Classification     مكتبة الجويدة مكتبة الجويدة الإعارة 27/12/2010 1421359   302.2/مشا PLD00175079 28/07/2025 27/12/2010 كتب
    Dewey Decimal Classification     مكتبة الحسن العامة مكتبة الحسن العامة الإعارة 27/12/2010 1421360   302.2/مشا PLD00175080 28/07/2025 27/12/2010 كتب
    Dewey Decimal Classification     مكتبة صويلح العامة مكتبة صويلح العامة الإعارة 27/12/2010 1421355   302.2/مشا PLD00175074 28/07/2025 27/12/2010 كتب
    Dewey Decimal Classification     مكتبة وادي السير العامة مكتبة وادي السير العامة الإعارة 27/12/2010 1421357   302.2/مشا PLD00175077 28/07/2025 27/12/2010 كتب
Implemented & Customized by: BBB with SCIT (Smart Chains for Information Technology)

Powered by Koha